[Event "Tourn. n8314"]
[Site "www.chess-mail.com"]
[Date "2015.10.11"]
[Round "1"]
[White "Greghghs"]
[Black "Szustan"]
[WhiteElo "2380"]
[BlackElo "2620"]
[Result "0-1"]
[Round "1"]
1.e4 e5
2.Ng1f3 Nb8c6
3.Nb1c3 Ng8f6
4.d4 exd4
5.Nf3xd4 d6
6.Bf1b5 Bc8d7
7.O-O Bf8e7
8.Bb5xc6 Bd7xc6
9.Nd4xc6 bxc6
10.Rf1e1 O-O
11.Bc1f4 Nf6d7
12.Nc3e2 Be7f6
13.c3 c5
14.Ne2g3 g6
15.Bf4h6 Rf8e8
16.f4 Ra8b8
17.Qd1c2 c4
18.b3 Nd7c5
19.bxc4 Qd8d7
20.f5 Qd7a4
21.Ra1c1 Qa4xc4
22.Re1e3 a5
23.Rc1d1 a4
24.a3 Bf6e5
25.Ng3f1 Rb8b3
26.Nf1d2 Rb3xc3
27.Nd2xc4 Rc3xc2
28.Nc4d2 Be5d4
{ resign }
0-1

[Event "Tourn. n8364"]
[Site "www.chess-mail.com"]
[Date "2015.10.11"]
[Round "1"]
[White "Julian"]
[Black "Neo"]
[WhiteElo "1820"]
[BlackElo "1770"]
[Result "1-0"]
[Round "1"]
1.e4 e5
2.Ng1f3 d6
3.d4 Bc8g4
4.dxe5 Bg4xf3
5.Qd1xf3 Qd8e7
6.exd6 cxd6
7.Bf1c4 Ng8f6
8.Nb1c3 Nb8d7
9.O-O g6
10.Bc1g5 Bf8g7
11.Ra1e1 O-O
12.Nc3d5 Qe7e5
13.Bg5f4 Qe5xb2
14.Bf4xd6 Rf8e8
15.Nd5c7 Qb2xc2
16.Bc4b3 Qc2c6
17.e5 Nd7xe5
18.Bd6xe5 Qc6d7
19.Nc7xe8 Nf6xe8
20.Be5xg7 Kxg7
21.Re1d1 Qd7c7
22.Rd1c1 Qc7d7
23.Rf1d1 Qd7e7
24.Qf3c3 Kg8
25.Qc3g3 Ne8f6
26.Rc1c7 Qe7b4
27.Rc7xf7 Qb4a5
28.Rf7xf6 Kg7
29.Rf6f7 Kh6
30.Qg3h4 Qa5h5
31.Qh4xh5 Kxh5
32.Rf7xh7 Kg5
33.Rd1d5 Kf6
34.g4 g5
35.Rh7f7 Kxf7
36.Rd5d8 { resign }
1-0

[Event "Tourn. n8375"]
[Site "www.chess-mail.com"]
[Date "2015.10.11"]
[Round "1"]
[White "Xkafi"]
[Black "Libiesse"]
[WhiteElo "2100"]
[BlackElo "2120"]
[Result "0-1"]
[Round "1"]
1.e4 c5
2.Bf1c4 e6
3.Ng1f3 Nb8c6
4.c3 Qd8c7
5.d3 a6
6.O-O b5
7.Bc4b3 Bc8b7
8.Bc1e3 Nc6a5
9.Bb3c2 d5
10.exd5 Bb7xd5
11.Nb1d2 Ng8f6
12.h3 Bf8e7
13.c4 bxc4
14.dxc4 Na5xc4
15.Nd2xc4 Bd5xc4
16.Rf1e1 O-O
17.b3 Bc4d5
18.Qd1d3 g6
19.Be3h6 Rf8d8
20.Qd3c3 Bd5xf3
21.Qc3xf3 Nf6d5
22.Bc2e4 Ra8a7
23.Ra1c1 Qc7a5
24.Be4xd5 Rd8xd5
25.Qf3f4 Qa5c7
26.Qf4c4 Rd5h5
27.Bh6e3 Qc7a5
28.a4 Ra7c7
29.Be3f4 Rc7c6
30.Bf4e3 Rc6b6
31.Rc1c2 Qa5xe1
32.Kh2 Be7d6
33.Be3f4 Rb6b4
34.Qc4xb4 Qe1xb4
35.Bf4xd6 Qb4xb3
{ resign }
0-1

[Event "Tourn. n8403"]
[Site "www.chess-mail.com"]
[Date "2015.10.11"]
[Round "1"]
[White "Amaya"]
[Black "Bojan"]
[WhiteElo "2020"]
[BlackElo "1940"]
[Result "1-0"]
[Round "1"]
1.d4 g6
2.e3 Bf8g7
3.Bf1d3 d5
4.Nb1d2 a6
5.f4 Bc8e6
6.Ng1f3 Ng8f6
7.O-O Qd8d6
8.Nf3e5 c5
9.c3 cxd4
10.exd4 Nf6g4
11.Ne5xg4 Nb8c6
12.Ng4e5 f6
13.Ne5xc6 bxc6
14.f5 Be6f7
15.fxg6 hxg6
16.Nd2f3 g5
17.h3 Bf7h5
18.Qd1e1 Ra8a7
19.b3 a5
20.a4 Ra7b7
21.Bc1a3 Qd6c7
22.Bd3c2 Qc7d7
23.Nf3d2 Bh5f7
24.Bc2f5 e6
25.Ba3c5 Kd8
26.Bf5d3 f5
27.Nd2f3 Rh8h5
28.Nf3e5 Qd7c7
29.Bd3xf5 exf5
30.Rf1xf5 Bf7e6
31.Qe1e2 Rh5xh3
32.gxh3 Be6xf5
33.Qe2h5 Bf5e4
34.Qh5xg5 Kc8
35.Ra1f1 Qc7d8
36.Qg5g4 Rb7d7
37.Ne5xd7 Qd8xd7
38.Qg4xd7 Kxd7
39.Rf1f7 { resign }
1-0

[Event "Tourn. n8384"]
[Site "www.chess-mail.com"]
[Date "2015.10.11"]
[Round "1"]
[White "Scasan55"]
[Black "Norlavuaram"]
[WhiteElo "2040"]
[BlackElo "2100"]
[Result "1-0"]
[Round "1"]
1.e4 e5
2.Ng1f3 Nb8c6
3.Bf1b5 Ng8f6
4.Bb5xc6 dxc6
5.O-O Bc8g4
6.d3 Bf8d6
7.Nb1d2 O-O
8.h3 Bg4d7
9.c3 c5
10.Nd2c4 Qd8e8
11.Bc1g5 Qe8e6
12.Bg5h4 b5
13.Bh4xf6 Qe6xf6
14.Nc4e3 c6
15.Qd1c2 Bd7xh3
16.Nf3h2 Bh3d7
17.a4 a6
18.c4 b4
19.b3 a5
20.Qc2d2 Qf6h6
21.Ra1d1 f5
22.exf5 Bd7xf5
23.Ne3xf5 Qh6xd2
24.Rd1xd2 Rf8xf5
25.Nh2f3 Rf5h5
26.Rf1e1 Ra8f8
27.Rd2e2 Rf8e8
28.Nf3d2 Re8e6
29.Nd2e4 Re6h6
30.f3 Bd6e7
31.Re1f1 Rh5h1
32.Kf2 Rh1xf1
33.Kxf1 Rh6h1
34.Kf2 Kf7
35.Ne4g3 Rh1b1
36.Re2xe5 Be7f6
37.Re5f5 g6
38.Rf5f4 Kg7
39.Rf4e4 Rb1xb3
40.Re4e8 Rb3xd3
41.Ng3e4 Bf6d4
42.Ke2 Rd3a3
43.Re8e7 Kh6
44.Re7e6 b3
45.Re6xc6 Ra3xa4
46.Ne4d2 b2
47.Rc6b6 Ra4b4
48.Rb6xb4 cxb4
49.Kd3 Bd4b6
50.Kc2 a4
51.Kxb2 Bb6d4
52.Ka2 Kg7
53.Nd2e4 h5
54.c5 Bd4e5
55.c6 Be5c7
56.Ne4c5 a3
57.Nc5e6 { resign }
1-0

[Event "Match"]
[Site "www.echecsemail.com"]
[Date "2015.10.11"]
[Round "1"]
[White "Carazo"]
[Black "Pinehill"]
[WhiteElo "1599"]
[BlackElo "1820"]
[Result "0-1"]
[Round "1"]
1.e4 d5
2.exd5 Ng8f6
3.Bf1b5 Bc8d7
4.Qd1e2 a6
5.Bb5xd7 Nb8xd7
6.Nb1c3 g6
7.b3 Bf8g7
8.Ng1f3 O-O
9.Bc1b2 Nd7b6
10.O-O-O Nf6xd5
11.h4 e6
12.h5 Qd8e7
13.h6 Bg7h8
14.Nc3xd5 Bh8xb2
15.Kxb2 Nb6xd5
16.Qe2e5 f6
17.Qe5e4 c6
18.Qe4d4 c5
19.Qd4e4 b5
20.g4 Rf8c8
21.Nf3h4 c4
22.Rh1h3 cxb3
23.Rh3xb3 Rc8c4
24.d4 Ra8c8
25.Nh4xg6 Qe7f7
26.Ng6e7 Qf7xe7
27.Rd1d2 Rc4b4
28.f4 Rb4xb3
29.axb3 Qe7d7
30.Rd2g2 Qd7c6
31.g5 f5
32.Qe4e5 Qc6c3
33.Kb1 Kf8
34.Qe5g7 Ke8
35.Qg7xh7 Qc3e1
36.Ka2 Nd5b4
37.Ka3 Nb4xc2
38.Rg2xc2 Rc8xc2
39.Qh7g8 Kd7
40.Qg8f7 Kd6
41.Qf7f8 Kd5
42.Qf8d8 Ke4
43.Qd8a8 Kxf4
44.Qa8b8 Kg4
45.Qb8b6 a5
{ resign }
0-1

[Event "Match"]
[Site "www.echecsemail.com"]
[Date "2015.10.11"]
[Round "1"]
[White "Orae"]
[Black "Irene"]
[WhiteElo "1969"]
[BlackElo "1970"]
[Result "0-1"]
[Round "1"]
1.e4 c5
2.Ng1f3 Ng8f6
3.Bf1c4 Nf6xe4
4.O-O d5
5.Bc4b5 Bc8d7
6.Bb5d3 c4
7.Bd3xe4 dxe4
8.Nf3e1 e6
9.Nb1c3 Bd7c6
10.Qd1e2 b5
11.Nc3xe4 Qd8h4
12.Ne4g3 Bf8d6
13.h3 Bd6xg3
14.fxg3 Qh4xg3
15.b3 Bc6d5
16.Qe2f2 Qg3xf2
17.Rf1xf2 Ke7
18.d3 cxd3
19.Ne1xd3 Rh8c8
20.Nd3e5 f6
21.Ne5d3 Rc8c3
22.Bc1b2 Rc3c7
23.Bb2a3 Ke8
24.c4 bxc4
25.Nd3f4 Rc7c6
26.Nf4h5 Kf7
27.bxc4 Rc6xc4
28.Ra1f1 Nb8d7
29.Ba3b2 e5
30.Nh5g3 Ra8c8
31.Ng3f5 Rc8c6
32.Nf5e3 Rc4c5
33.Ne3g4 Rc5c2
34.Bb2xe5 Rc2xf2
35.Rf1xf2 Ke6
36.Be5d4 Rc6a6
37.Rf2e2 Kf7
38.Ng4e3 Bd5xa2
39.Ne3f5 Ba2d5
40.Re2e7 Kf8
41.Bd4c3 Bd5e6
42.g4 Be6xf5
43.Re7e1 Bf5g6
44.Re1d1 Bg6e8
45.Bc3b4 Kf7
46.Kg2 Ra6a4
47.Bb4c3 Ra4a2
48.Kg3 Ra2a3
49.Rd1c1 Nd7c5
50.Kf4 Nc5d3
51.Ke3 Nd3xc1
52.Kd2 Ra3xc3
53.Kxc3 a5
54.Kb2 Nc1e2
55.Ka3 a4
{ resign }
0-1

[Event "Match"]
[Site "www.echecsemail.com"]
[Date "2015.10.11"]
[Round "1"]
[White "Orae"]
[Black "Wwgia"]
[WhiteElo "1969"]
[BlackElo "2040"]
[Result "0-1"]
[Round "1"]
1.e4 c5
2.Bf1c4 Nb8c6
3.Qd1f3 e6
4.Nb1c3 Nc6d4
5.Qf3d1 a6
6.Ng1f3 b5
7.Bc4e2 Bc8b7
8.Nf3xd4 cxd4
9.Nc3b1 Bb7xe4
10.Be2f3 Be4xf3
11.Qd1xf3 Ng8f6
12.d3 Ra8c8
13.O-O Rc8xc2
14.Bc1g5 Bf8e7
15.b3 O-O
16.Bg5xf6 Be7xf6
17.Nb1a3 Rc2c3
18.Ra1c1 Qd8b6
19.Rc1e1 Rf8c8
20.Na3b1 Rc3c5
21.Re1e4 Rc5c1
22.Re4g4 Rc1xf1
23.Kxf1 e5
24.Nb1d2 Qb6c6
25.Qf3e2 Qc6c1
26.Qe2e1 Qc1b2
27.Ke2 Rc8c2
28.a4 h5
29.Rg4e4 Bf6g5
30.f4 Bg5xf4
31.Re4xf4 exf4
32.h4 Qb2xb3
33.Kf1 Qb3xd3
34.Kg1 Qd3e3
{ resign }
0-1

[Event "Match"]
[Site "www.echecsemail.com"]
[Date "2015.10.11"]
[Round "1"]
[White "Bojan"]
[Black "Vinvangogh"]
[WhiteElo "1930"]
[BlackElo "1480"]
[Result "1-0"]
[Round "1"]
1.e4 e5
2.Ng1f3 Nb8c6
3.Bf1b5 Nc6d4
4.Nf3xd4 exd4
5.Qd1f3 Bf8c5
6.c3 dxc3
7.bxc3 Ng8f6
8.d4 c6
9.Bb5d3 Qd8a5
10.Bc1d2 O-O
11.e5 Nf6d5
12.c4 Bc5b4
13.cxd5 cxd5
14.Nb1c3 Bb4xc3
15.Bd2xc3 Qa5xc3
16.Ke2 Qc3b2
17.Ke3 d6
18.Rh1b1 Qb2c3
19.Ke2 Qc3xd4
20.h3 Qd4xe5
21.Kf1 g6
22.Rb1e1 Qe5h2
23.g4 h5
24.gxh5 Bc8xh3
25.Ke2 gxh5
26.Kd2 Ra8c8
27.Re1g1 Bh3g4
28.Bd3f5 Qh2e5
29.Rg1xg4 Kh8
30.Rg4g8 Rf8xg8
31.Qf3xh5 Kg7
32.Qh5g5 Kf8
33.Qg5h6 Ke7
34.Ra1e1 Rg8h8
35.Re1xe5 dxe5
36.Qh6g5 Kd6
37.Bf5xc8 Rh8xc8
38.Qg5f6 Kc5
39.Qf6xe5 b5
40.Qe5c3 Kb6
41.Qc3xc8 b4
42.Kd3 a5
43.Kd4 Kb5
44.Kxd5 Ka4
45.Qc8c6 Ka3
46.Qc6c4 a4
47.Kc5 b3
48.axb3 axb3
49.Qc4xf7 b2
50.Qf7f5 Ka2
51.f4 b1Q
52.Qf5xb1 Kxb1
53.f5 Kb2
54.f6 Kc3
55.f7 Kd3
56.f8Q Ke3
57.Qf8f5 Ke2
58.Qf5h3 Kd2
59.Kc4 Ke2
60.Qh3d3 Kf2
61.Kd4 Kg2
62.Ke4 Kg1
63.Qd3e2 Kh1
64.Kf3 Kg1
65.Qe2g2 { resign }
1-0

[Event "Match"]
[Site "www.echecsemail.com"]
[Date "2015.10.11"]
[Round "1"]
[White "Fangshuo"]
[Black "Lorenatache"]
[WhiteElo "2170"]
[BlackElo "1809"]
[Result "1-0"]
[Round "1"]
1.e4 e5
2.Ng1f3 Ng8f6
3.Nf3xe5 d6
4.Ne5f3 Nf6xe4
5.Qd1e2 Qd8e7
6.d3 Ne4f6
7.Nb1c3 Qe7xe2
8.Bf1xe2 Bf8e7
9.Bc1g5 Bc8e6
10.Bg5xf6  { time }
1-0

[Event "Match"]
[Site "www.echecsemail.com"]
[Date "2015.10.11"]
[Round "1"]
[White "Flick"]
[Black "Lorenatache"]
[WhiteElo "1890"]
[BlackElo "1809"]
[Result "1-0"]
[Round "1"]
1.d4 Ng8f6
2.c4 g6
3.Nb1c3 d5
4.e3 Bf8g7
5.Ng1f3 O-O
6.Bf1d3 dxc4
7.Bd3xc4 b6
8.O-O Bc8a6
9.Bc4xa6  { time }
1-0

[Event "Match"]
[Site "www.echecsemail.com"]
[Date "2015.10.11"]
[Round "1"]
[White "Johndyson"]
[Black "Maredocla"]
[WhiteElo "2400"]
[BlackElo "2030"]
[Result "1-0"]
[Round "1"]
1.d4 g6
2.c4 Bf8g7
3.e4 d6
4.Nb1c3 b6
5.Bc1e3 Bc8b7
6.Qd1d2 Nb8d7
7.Bf1d3 e6
8.Ng1f3 Ng8e7
9.O-O a6
10.Rf1e1 e5
11.Ra1d1 O-O
12.dxe5 Nd7xe5
13.Nf3xe5 Bg7xe5
14.Bd3c2 Qd8d7
15.c5 Qd7g4
16.cxb6 cxb6
17.h3 Qg4c8
18.Nc3a4 Qc8c6
19.Na4xb6 Ra8b8
20.Bc2a4 Qc6xe4
21.f3 Qe4h4
22.Be3f2 Be5g3
23.Bf2xg3 Qh4xg3
24.Re1xe7 Bb7xf3
25.Nb6d7 Bf3xd1
26.Qd2h6 { resign }
1-0

[Event "Match"]
[Site "www.echecsemail.com"]
[Date "2015.10.11"]
[Round "1"]
[White "Jhw"]
[Black "Caspito"]
[WhiteElo "1880"]
[BlackElo "1740"]
[Result "0-1"]
[Round "1"]
1.c4 e5
2.e3 d5
3.d4 e4
4.f3 Ng8f6
5.Nb1c3 Bf8b4
6.Bc1d2 Bb4xc3
7.Bd2xc3 Bc8f5
8.Qd1b3 O-O
9.Qb3xb7 Nb8d7
10.cxd5 exf3
11.Ng1xf3 Bf5e4
12.Bf1c4 Nf6g4
13.Bc3d2 Be4xf3
14.gxf3 Qd8h4
15.Ke2 Qh4f2
16.Kd3 Qf2xf3
17.Qb7xc7 Ng4f2
18.Kc2 Nd7b6
19.Rh1f1 Nb6xc4
20.Ra1d1 Qf3e4
21.Kb3 Ra8b8
22.Kc3 Qe4d3

0-1

[Event "Match"]
[Site "www.echecsemail.com"]
[Date "2015.10.11"]
[Round "1"]
[White "Orae"]
[Black "Billyg"]
[WhiteElo "1940"]
[BlackElo "1590"]
[Result "1-0"]
[Round "1"]
1.e4 e6
2.Ng1f3 d5
3.Nf3e5 f6
4.Qd1h5 g6
5.Ne5xg6 hxg6
6.Qh5xh8 Ng8h6
7.d4 g5
8.Qh8h7 e5
9.dxe5 Qd8e7
10.Qh7xe7 Bf8xe7
11.exf6 Be7xf6
12.exd5 Bc8f5
13.Nb1a3 Nb8d7
14.Bf1e2 O-O-O
15.O-O Nd7e5
16.Rf1d1 Ne5g4
17.Be2xg4 Bf5xg4
18.f3 Bg4f5
19.c4 c6
20.d6 Bf6e5
21.Bc1xg5 Rd8d7
22.Bg5xh6 Be5xd6
23.Kh1 Kc7
24.g4 Bf5e6
25.Bh6e3 b6
26.Na3c2 Be6xc4
27.f4 Rd7f7
28.Rd1d4 Bc4d5
29.Kg1 Rf7g7
30.g5 Bd6c5
31.Rd4a4 Kb7
32.Be3xc5 bxc5
33.b4 Rg7e7
34.bxc5 Ka8
35.Ra1b1 Bd5e4
36.Ra4xe4 Re7xe4
37.f5 Re4g4
38.Kf2 Rg4xg5
39.Nc2d4 a6
40.Nd4xc6 Rg5xf5
41.Ke3 Rf5f8
42.a4 Rf8e8
43.Kd4 Re8c8
44.Kd5 Rc8h8
45.a5 Rh8h5
46.Kd6 Rh5h6
47.Kc7 { resign }
1-0

[Event "Match"]
[Site "www.echecsemail.com"]
[Date "2015.10.11"]
[Round "1"]
[White "Ericleo1980"]
[Black "Glenno"]
[WhiteElo "2250"]
[BlackElo "2340"]
[Result "0-1"]
[Round "1"]
1.e4 e5
2.Ng1f3 Nb8c6
3.Bf1b5 a6
4.Bb5a4 Ng8f6
5.O-O Bf8e7
6.Rf1e1 b5
7.Ba4b3 O-O
8.a4 Bc8b7
9.c3 d6
10.d4 exd4
11.cxd4 Nc6a5
12.Bb3c2 c5
13.d5 Rf8e8
14.b3 Nf6g4
15.Bc1d2 Be7f6
16.Ra1a2 b4
17.h3 Ng4e5
18.Bd2f4 Ne5xf3
19.Qd1xf3 Ra8c8
20.Nb1d2 Bb7xd5
21.Re1e2 Bd5e6
22.Qf3g3 c4
23.bxc4 Bf6e5
24.Bf4xe5 dxe5
25.Ra2b2 Be6xc4
26.Nd2xc4 Rc8xc4
27.Bc2b3 Rc4c3
28.Re2e3 Na5xb3
29.Rb2xb3 Qd8d1
{ resign }
0-1

[Event "Match"]
[Site "www.echecsemail.com"]
[Date "2015.10.11"]
[Round "1"]
[White "Silent1"]
[Black "Lorenatache"]
[WhiteElo "1830"]
[BlackElo "1809"]
[Result "1-0"]
[Round "1"]
1.d4 Ng8f6
2.c4 g6
3.Nb1c3 d5
4.e3 Bf8g7
5.Ng1f3 O-O
6.Bf1d3 Bc8g4
7.Bd3e2 c5
8.cxd5  { time }
1-0

[Event "Match"]
[Site "www.echecsemail.com"]
[Date "2015.10.11"]
[Round "1"]
[White "Karlgrocer"]
[Black "Carazo"]
[WhiteElo "1960"]
[BlackElo "1830"]
[Result "1-0"]
[Round "1"]
1.Ng1f3 Nb8c6
2.b3 e5
3.d3 Bf8c5
4.Bc1b2 Qd8e7
5.e3 Bc5b4
6.c3 Bb4c5
7.d4 exd4
8.cxd4 Bc5b4
9.Bb2c3 Bb4a3
10.Nb1xa3 Qe7xa3
11.d5 Nc6e7
12.Bc3xg7 Qa3a5
13.Qd1d2 Qa5xd2
14.Nf3xd2 Ne7xd5
15.Bg7xh8 b6
16.Bf1c4 Nd5b4
17.O-O Bc8b7
18.a3 Nb4c2
19.Ra1a2 d5
20.Bc4d3 Nc2b4
21.axb4 a5
22.bxa5 bxa5
23.Bh8d4 h5
24.Ra2c2 c6
25.Rf1a1 Ke7
26.Rc2c5 Kd6
27.Rc5xa5 Ra8f8
28.Bd4c5 Ke5
29.Bc5xf8 Ng8f6
30.Nd2f3 Ke6
31.Nf3d4 Ke5
32.f4 { resign }
1-0

[Event "1/16 Finale"]
[Site "www.chess-mail.com"]
[Date "2015.10.11"]
[Round "1"]
[White "Manolinex"]
[Black "Szustan"]
[WhiteElo "2800"]
[BlackElo "2720"]
[Result "1-0"]
[Round "1"]
1.d4 d5
2.c4 dxc4
3.e3 e6
4.Bf1xc4 Ng8f6
5.Ng1f3 c5
6.O-O Bf8e7
7.dxc5 O-O
8.Qd1e2 Be7xc5
9.Nb1c3 Nb8c6
10.a3 Bc8d7
11.Bc4d3 Bc5d6
12.b4 a5
13.b5 Nc6e5
14.Nf3xe5 Bd6xe5
15.Bc1b2 Ra8c8
16.Nc3a4 Be5xb2
17.Qe2xb2 Qd8e7
18.Bd3e2 Rf8d8
19.Na4b6 Rc8c7
20.Rf1d1 Rc7c5
21.Qb2d2 Nf6e4
22.Qd2xa5 Bd7e8
23.Nb6a4 Rc5d5
24.Rd1xd5 Rd8xd5
25.f3 Ne4d6
26.Na4c3 Rd5d2
27.Qa5b4 Qe7g5
28.f4 Qg5d8
29.Ra1e1 Qd8b6
30.Be2f1 Nd6f5
31.Nc3e4 Rd2d5
32.Qb4c3 Rd5d8
33.a4 Rd8a8
34.Ne4c5 Ra8c8
35.Re1c1 Qb6d6
36.a5 b6
37.Qc3e5 bxc5
38.b6 Qd6d7
39.a6 f6
40.Qe5b2 Nf5e7
41.b7 { resign }
1-0

[Event "Tourn. n8387"]
[Site "www.chess-mail.com"]
[Date "2015.10.12"]
[Round "1"]
[White "Tomcapp"]
[Black "Huw"]
[WhiteElo "1680"]
[BlackElo "1709"]
[Result "0-1"]
[Round "1"]
1.e4 c5
2.Bf1c4 Nb8c6
3.Ng1f3 e6
4.e5 d6
5.d3 dxe5
6.Bc1e3 Ng8f6
7.Be3g5 Bf8e7
8.Bg5xf6 gxf6
9.Nb1c3 Nc6d4
10.Nf3xd4 cxd4
11.Nc3e4 Qd8a5
12.Ne4d2 Bc8d7
13.a4 Be7b4
14.c3 dxc3
15.Nd2b3 c2
16.Qd1d2 Bb4xd2
17.Nb3xd2 b5
18.Bc4xb5 Bd7xb5
19.O-O Qa5xd2
20.axb5 Qd2xd3
21.b6 O-O
22.b7 Ra8b8
23.Ra1a3 Qd3xf1
24.Kxf1 c1Q
25.Ke2 Qc1xb2
{ resign }
0-1

[Event "Tourn. n8414"]
[Site "www.chess-mail.com"]
[Date "2015.10.12"]
[Round "1"]
[White "Lino"]
[Black "Gatrooper"]
[WhiteElo "1799"]
[BlackElo "1650"]
[Result "1-0"]
[Round "1"]
1.e4 e5
2.Ng1f3 Nb8c6
3.Bf1b5 a6
4.Bb5a4 h6
5.O-O d6
6.d4 Bc8d7
7.Ba4xc6 Bd7xc6
8.dxe5 dxe5
9.Nf3xe5 Bc6xe4
10.Qd1e2 f5
11.Qe2h5 Ke7
12.Qh5f7 Kd6
13.Rf1d1 Kxe5
14.f4 { resign }
1-0

[Event "Tourn. n8429"]
[Site "www.chess-mail.com"]
[Date "2015.10.12"]
[Round "1"]
[White "Bojan"]
[Black "Libiesse"]
[WhiteElo "2040"]
[BlackElo "2070"]
[Result "1-0"]
[Round "1"]
1.e4 c5
2.Ng1f3 e6
3.e5 Nb8c6
4.b3 g6
5.Bc1b2 Bf8g7
6.Bf1c4 Qd8c7
7.Qd1e2 a6
8.O-O b5
9.Bc4d3 Bc8b7
10.c4 b4
11.Bd3e4 Ng8e7
12.d4 cxd4
13.Nf3xd4 Qc7xe5
14.Be4xc6 Ne7xc6
15.Qe2xe5 Bg7xe5
16.Rf1d1 O-O
17.a3 bxa3
18.Ra1xa3 Rf8d8
19.Nd4xc6 Be5xb2
20.Nc6xd8 Bb2xa3
21.Nd8xb7 { resign }
1-0

[Event "Tourn. n8359"]
[Site "www.chess-mail.com"]
[Date "2015.10.12"]
[Round "1"]
[White "Asoka"]
[Black "Seger"]
[WhiteElo "2650"]
[BlackElo "2770"]
[Result "1/2-1/2"]
[Round "1"]
1.c4 e5
2.Nb1c3 Ng8f6
3.Ng1f3 Nb8c6
4.d4 exd4
5.Nf3xd4 Bf8b4
6.Nd4xc6 bxc6
7.Qd1b3 a5
8.a3 Bb4d6
9.e3 Bd6e5
10.Bf1d3 d5
11.O-O Be5xh2
12.Kxh2 Nf6g4
13.Kg3 h5
14.Qb3a4 Qd8f6
15.f4 h4
16.Kf3 Ng4e5
17.Ke2 Ne5xd3
18.Kxd3 Qf6g6
19.Ke2 h3
20.g3 Kf8
21.Kf2 h2
22.Rf1h1 Rh8h3
23.Nc3e2 Bc8g4
24.Bc1d2 Ra8b8
25.cxd5 Bg4xe2
26.Kxe2 Rb8xb2
27.Qa4xc6 Qg6xg3
28.Qc6a8 { draw }
1/2-1/2

[Event "Tourn. n8388"]
[Site "www.chess-mail.com"]
[Date "2015.10.12"]
[Round "1"]
[White "Heiserman"]
[Black "Norlavuaram"]
[WhiteElo "2100"]
[BlackElo "2100"]
[Result "1-0"]
[Round "1"]
1.d4 Ng8f6
2.c4 g6
3.Nb1c3 Bf8g7
4.g3 O-O
5.Bf1g2 d6
6.Ng1f3 Nb8d7
7.O-O e5
8.Bc1g5 c6
9.e4 Qd8c7
10.d5 a6
11.Qd1d2 c5
12.Bg5h6 Ra8b8
13.Bh6xg7 Kxg7
14.Nf3h4 b5
15.b3 bxc4
16.bxc4 Nd7b6
17.Qd2d3 Bc8d7
18.f4 Nb6a4
19.Nc3xa4 Bd7xa4
20.Qd3f3 Nf6d7
21.f5 f6
22.fxg6 hxg6
23.Bg2h3 Nd7b6
24.Qf3g4 Ba4e8
25.Ra1c1 g5
26.Nh4f5 Kh7
27.Bh3g2 Rf8h8
28.Qg4h3 Kg8
29.Nf5h6 Kg7
30.Rf1xf6 Kxf6
31.Qh3e6 Kg7
32.Nh6f5 Kf8
33.Qe6f6 Kg8
34.Qf6xg5 Kh7
35.Qg5h4 Kg8
36.Nf5e7 Kg7
37.Qh4g5 Kh7
38.Bg2h3 Rh8f8
39.Bh3f5 Rf8xf5
40.Qg5g8 Kh6
41.Ne7xf5 Kh5
42.g4 { resign }
1-0

[Event "Tourn. n8390"]
[Site "www.chess-mail.com"]
[Date "2015.10.12"]
[Round "1"]
[White "Xkafi"]
[Black "Liencam2"]
[WhiteElo "2020"]
[BlackElo "2290"]
[Result "0-1"]
[Round "1"]
1.e4 c5
2.Bf1c4 Nb8c6
3.c3 e6
4.f4 a6
5.Ng1f3 d6
6.Nf3g5 Ng8f6
7.Qd1f3 h6
8.Ng5h3 b5
9.Bc4e2 Bc8d7
10.f5 Nc6e5
11.Qf3f2 c4
12.d4 Ne5g4
13.Be2xg4 Nf6xg4
14.Qf2f4 Qd8h4
15.Ke2 e5
16.Qf4f3 Bf8e7
17.dxe5 Ng4xe5
18.Qf3e3 Bd7c6
19.Nb1d2 d5
20.Nd2f3 Ne5xf3
21.Qe3xf3 dxe4
22.Qf3e3 Qh4g4
23.Kd2 Qg4xg2
24.Nh3f2 Be7g5
25.Qe3xg5 Qg2xf2
26.Kd1 hxg5
27.Bc1xg5 e3
{ resign }
0-1

[Event "Tourn. n8399"]
[Site "www.chess-mail.com"]
[Date "2015.10.12"]
[Round "1"]
[White "Awfen"]
[Black "Culiflori"]
[WhiteElo "2000"]
[BlackElo "2050"]
[Result "1-0"]
[Round "1"]
1.e4 e5
2.Ng1f3 Nb8c6
3.Bf1c4 Bf8c5
4.O-O Ng8f6
5.b4 Bc5b6
6.c3 O-O
7.d3 d6
8.Bc1g5 h6
9.Bg5h4 Bc8e6
10.Bc4xe6 fxe6
11.Nb1d2 d5
12.exd5 exd5
13.a4 a5
14.b5 Nc6e7
15.Nf3xe5 Qd8d6
16.d4 Ne7f5
17.Nd2f3 Nf5xh4
18.Nf3xh4 Nf6e4
19.Nh4g6 Rf8f6
20.Qd1d3 c5
21.dxc5 Bb6xc5
22.Ra1d1 Rf6xg6
23.Ne5xg6 Qd6xg6
24.Qd3xd5 Kh8
25.Qd5d3 Ra8e8
26.g3 b6
27.Kg2 Qg6f6
28.f3 Ne4xc3
29.Rd1e1 Re8d8
30.Qd3c4 Bc5b4
31.Re1e6 Qf6d4
32.Re6e8 Kh7
33.Qc4g8 { resign }
1-0

[Event "Tourn. n8398"]
[Site "www.chess-mail.com"]
[Date "2015.10.12"]
[Round "1"]
[White "Norlavuaram"]
[Black "Libiesse"]
[WhiteElo "2100"]
[BlackElo "2080"]
[Result "1-0"]
[Round "1"]
1.e4 c5
2.Ng1f3 e6
3.g3 Nb8c6
4.Bf1g2 Qd8c7
5.O-O Ng8f6
6.d3 a6
7.c3 d5
8.Nb1d2 b6
9.Rf1e1 Bc8b7
10.Nd2f1 Ra8d8
11.Qd1c2 Bf8e7
12.Bc1g5 h6
13.Bg5xf6 Be7xf6
14.Nf1e3 d4
15.Ne3g4 dxc3
16.bxc3 Nc6e5
17.Ng4xf6 gxf6
18.Ra1d1 Ke7
19.Qc2b1 Rd8d7
20.d4 cxd4
21.cxd4 Ne5xf3
22.Bg2xf3 f5
23.d5 Rh8g8
24.exf5 Rd7d6
25.fxe6 f6
26.Qb1h7 { resign }
1-0

[Event "Tourn. n8329"]
[Site "www.chess-mail.com"]
[Date "2015.10.12"]
[Round "1"]
[White "Seger"]
[Black "Asoka"]
[WhiteElo "2770"]
[BlackElo "2670"]
[Result "1-0"]
[Round "1"]
1.d4 Ng8f6
2.e3 g6
3.c4 Bf8g7
4.Ng1f3 O-O
5.Bf1e2 c5
6.d5 e6
7.Nb1c3 exd5
8.cxd5 d6
9.O-O Qd8e7
10.Nf3d2 Nb8d7
11.e4 Nf6e8
12.Rf1e1 Ne8c7
13.a4 b6
14.Nd2c4 Bc8a6
15.Bc1f4 Nd7e5
16.Nc4e3 Ba6xe2
17.Qd1xe2 Rf8e8
18.h3 Ra8c8
19.Bf4g3 Ne5d7
20.Qe2d2 Bg7d4
21.Ra1d1 f6
22.Ne3c4 Nd7e5
23.Nc4a3 Bd4xc3
24.Qd2xc3 a6
25.b4 Nc7a8
26.f4 cxb4
27.Qc3xb4 Ne5d7
28.Na3c4 a5
29.Qb4b3 Nd7c5
30.Qb3b5 Na8c7
31.Qb5c6 Nc7a6
32.Qc6xb6 Rc8b8
33.Qb6xd6 Rb8b4
34.Qd6xe7 Re8xe7
35.Nc4d6 Nc5xa4
36.Bg3h4 Na6c7
37.Bh4xf6 Re7d7
38.Bf6e5 { resign }
1-0

[Event "Match"]
[Site "www.echecsemail.com"]
[Date "2015.10.12"]
[Round "1"]
[White "Lixuschess"]
[Black "Bojan"]
[WhiteElo "1459"]
[BlackElo "1950"]
[Result "0-1"]
[Round "1"]
1.d4 g6
2.e4 Bf8g7
3.Ng1f3 d5
4.exd5 Qd8xd5
5.c4 Qd5e4
6.Bf1e2 h6
7.Nb1c3 Qe4g4
8.O-O b6
9.Nf3e5 Qg4e6
10.Bc1f4 Bc8b7
11.d5 Qe6f5
12.Qd1d4 Nb8d7
13.Nc3b5 Nd7xe5
14.Qd4e3 Kd8
15.Nb5d4 Qf5f6
 { time }
0-1

[Event "Match"]
[Site "www.echecsemail.com"]
[Date "2015.10.12"]
[Round "1"]
[White "Lorenatache"]
[Black "Andregor"]
[WhiteElo "1809"]
[BlackElo "2410"]
[Result "0-1"]
[Round "1"]
1.d4 e6
2.e4 d5
3.Nb1d2 Ng8f6
4.e5 Nf6d7
5.Ng1f3 c5
6.c3 Nb8c6
7.a3 Qd8b6
8.Nd2b3 cxd4
9.cxd4 a5
 { time }
0-1

[Event "Match"]
[Site "www.echecsemail.com"]
[Date "2015.10.12"]
[Round "1"]
[White "Lorenatache"]
[Black "Dimos40"]
[WhiteElo "1809"]
[BlackElo "2029"]
[Result "0-1"]
[Round "1"]
1.d4 Ng8f6
2.c4 g6
3.Nb1c3 Bf8g7
4.e4 d6
5.Bf1e2 O-O
6.Ng1f3 e5
7.d5 a5
8.h3 Nb8a6
9.O-O Na6c5
 { time }
0-1

[Event "Match"]
[Site "www.echecsemail.com"]
[Date "2015.10.12"]
[Round "1"]
[White "Goofy"]
[Black "Emerchess"]
[WhiteElo "2260"]
[BlackElo "1299"]
[Result "0-1"]
[Round "1"]
1.e4 c5
2.Ng1f3 Nb8c6
3.d4 cxd4
4.Nf3xd4 Ng8f6
5.Nb1c3 d6
6.Bf1c4 g6
7.Nd4xc6 bxc6
8.e5 Nf6d7
9.exd6 exd6
10.O-O Nd7e5
11.Qd1e2 Qd8e7
12.Nc3e4 Bf8g7
13.Bc4b3 O-O
14.Bc1g5 Qe7c7
15.Qe2d2 d5
16.Ne4g3 Bc8b7
17.c3 Rf8e8
18.Ra1e1 Bb7a6
19.Ng3e2 Ne5d3
20.Re1b1 Nd3xb2
21.Qd2xb2 Re8xe2
22.Qb2c1 Ra8e8
23.Bg5e3 Re2xe3
24.fxe3 Ba6xf1
25.Qc1xf1 Re8xe3
{ resign }
0-1

[Event "1/64 Finale"]
[Site "www.chess-mail.com"]
[Date "2015.10.12"]
[Round "1"]
[White "Mitja"]
[Black "Chtoubidou"]
[WhiteElo "1930"]
[BlackElo "1970"]
[Result "1-0"]
[Round "1"]
1.d4 d5
2.e3 Ng8f6
3.c3 Bc8f5
4.h3 e6
5.Ng1f3 c5
6.dxc5 Bf8xc5
7.Nb1d2 Nb8c6
8.Nd2b3 Bc5b6
9.Nf3d4 Bf5g6
10.Nd4xc6 bxc6
11.Bf1e2 a5
12.O-O O-O
13.Nb3d4 c5
14.Nd4f3 Qd8c7
15.Be2d3 Nf6d7
16.Bd3xg6 hxg6
17.a3 Nd7e5
18.Nf3xe5 Qc7xe5
19.Qd1f3 Bb6c7
20.g3 Ra8b8
21.Kg2 g5
22.Bc1d2 Rb8xb2
23.Rf1d1 f5
24.Qf3e2 Qe5xc3
25.Bd2xc3 Rb2xe2
26.Bc3d2 d4
27.Kf1 d3
28.a4 Rf8d8
29.Ra1b1 c4
30.Rb1c1 Rd8b8
31.Rc1xc4 Rb8b2
32.Rc4xc7 Re2xd2
33.Rd1xd2 Rb2xd2
34.Rc7d7 Rd2d1
35.Kg2 d2
36.Kf3 Rd1a1
37.Rd7xd2 Ra1xa4
38.Rd2d6 Kf7
39.Rd6d7 Kf6
40.Rd7c7 Ra4a2
41.g4 g6
42.Rc7c8 a4
43.Rc8f8 Ke7
44.Rf8g8 Kf7
45.Rg8a8 a3
46.gxf5 gxf5
47.Kg3 Ra2a1
48.Ra8a7 Kf6
49.Kf3 a2
50.Ra7a5 g4
51.hxg4 fxg4
52.Ke4 Ke7
53.Ke5 Kd7
54.Ra5a7 Kc6
55.Kxe6 Kb6
56.Ra7a3 Kb5
57.e4 Ra1e1
58.Ra3xa2 Re1xe4
59.Kf5 Re4c4
60.Ra2e2 Kc6
61.Re2e6 Kd7
62.Re6e4 Rc4c2
63.Re4f4 Ke7
64.Kxg4 Rc2c1
65.Kg5 Rc1g1
66.Rf4g4 Rg1f1
67.f4 Kf7
68.Kf5 Rf1a1
69.Rg4g5 Ra1b1
70.Rg5g3 Rb1b5
71.Kg4 Kf6
72.Rg3c3 Rb5a5
73.Rc3c6 Kf7
74.f5 Ra5a1
75.Rc6c3 Ra1a6
76.Kg5 Ra6a1
77.Rc3c7 Kf8
78.Kg6 Ra1g1
79.Kf6 Ke8
80.Rc7e7 Kf8
81.Re7a7 Ke8
82.Ra7a8 Kd7
83.Kf7 Rg1h1
84.f6 Rh1h2
85.Ra8g8 Rh2h3
86.Kf8 Rh3f3
87.f7 Rf3f4
88.Rg8g7 { resign }
1-0